000
00257nam a2200109Ia 4500
008
190216s9999||||xx |||||||||||||| ||und||
100
_a
Sarin Nn & Sarin Rn
245
0
_a
Chemistry
260
_b
Sulthan Chand&Sons
_c
1985
300
_a
736p
942
_c
REF
999
_c
35729
_d
35729